Las teorías antiguas sobre el origen del lenguaje y la relación entre las palabras y las cosas

Сохранить в:
Библиографические подробности
Главный автор: Guzmán Brito, Alejandro Ángel (autor)
Формат:
Язык:испанский
Опубликовано: Santiago Academia Chilena de la Historia 1997
Предметы:
Метки: Добавить метку
Нет меток, Требуется 1-ая метка записи!

MARC

LEADER 00000nam a2200000 a 4500
001 UCH1779
003 CL-VaPUC
008 090514e19970000CL |||||||||||||||||spa|d
082 0 4 |a 340.1  |b GUZ  |2 21 
100 |a Guzmán Brito, Alejandro Ángel  |e autor  |9 388 
245 1 4 |a Las teorías antiguas sobre el origen del lenguaje y la relación entre las palabras y las cosas 
300 |a pag. irreg 
942 |c BK 
945 |d 20090514 00:00:00  |a rbrito 
260 |a Santiago  |b Academia Chilena de la Historia  |c 1997 
500 |a Separata del Boletín Academia Chilena de la Historia , 107 
650 0 |a Teoría del derecho  |9 255982 
650 0 |a Filosofía del derecho   |9 255050 
650 0 |a Interpretación jurídica  |9 380837 
583 |a last modification  |c 20090514 00:00:00  |k Rodrigo Vera 
999 |c 333693  |d 333691 
952 |0 0  |1 0  |4 0  |6 340_100000000000000_GUZ_1997  |7 0  |8 ?  |9 422262  |a FDOBUD  |b FDOBUD  |d 2019-11-22  |i 4547691  |o 340.1 GUZ 1997  |p 4547691  |r 2019-11-22  |w 2019-11-22  |y BK  |k FHP